000 00906nam a2200253 i 4500
001 180200
003 ES-MaACL
005 20250728221712.0
008 120516s2011 sp |||| | spa d
020 _a978-84-9841-408-0
080 _a113/119
100 1 _aBodei, Remo.
_929693
245 1 0 _aPaisajes sublimes
_b: el hombre ante la naturaleza salvaje /
_cRemo Bodei ; traducción del italiano de María Condor.
260 _aMadrid :
_bSiruela,
_c[2011]
300 _a183 p. ;
_c22 cm.
490 1 _aBiblioteca de ensayo ;
_v73.
_aSerie mayor
650 7 _aFilosofía de la naturaleza
_2embne
_912839
700 1 _aCóndor Orduña, María.
_940150
830 0 _aBiblioteca de ensayo ;
_v73.
_aSerie mayor
_9180582
852 _aES-MaACL
_jA-12100
_9 187110
_bR.147147
_cDEPO1
_dOlim: N-5105
942 _2udc
_cMONOGRAFIA
999 _c180200
_d180200